| 000 | 00575nam a2200205 a 4500 | ||
|---|---|---|---|
| 003 | PILC | ||
| 005 | 20160218141537.0 | ||
| 008 | 120912s19uu xx 00 eng d | ||
| 020 | _a9780691152615 | ||
| 050 |
_aBL 51 _b.J75 2009 |
||
| 100 | _aJohnston, Mark. | ||
| 245 |
_aSaving God : _breligion after idolatry / _cMark Johnston. |
||
| 260 |
_aNew Jersey : _bPrinceton University Press, _c2009. |
||
| 300 |
_a198 pages ; _c23 cm. |
||
| 500 | _aIncludes index. | ||
| 650 |
_aReligion _xPhilosophy. |
||
| 650 | _aSupernatural. | ||
| 942 |
_cBK _2lcc _kFOR |
||
| 999 |
_c22214 _d22214 |
||